Implementing total quality management
| Main Author: | |
|---|---|
| Other Authors: | |
| Format: | Book |
| Published: |
London :
Financial Times ,
1992
|
| Subjects: |
MARC
| LEADER | 00000cam a2200000 7i4500 | ||
|---|---|---|---|
| 001 | 0000008964 | ||
| 005 | 20161109.0 | ||
| 020 | |a 073033486 | ||
| 040 | |a INS | ||
| 090 | 0 | 0 | |a HD62.15 |b M86 1992 |
| 100 | 1 | |a Munro-Faure, Lesley | |
| 245 | 1 | 0 | |a Implementing total quality management |c by Lesley Munro-Faure and Malcolm Munro-Faure |
| 260 | |a London : |b Financial Times , |c 1992 | ||
| 300 | |a 304 p. ; |c 25 cm. | ||
| 650 | 0 | 0 | |a Total quality management |
| 700 | 1 | |a Munro-Faure, Malcolm | |
| 999 | |a 0000023425 |b BOOK |c Open Shelf |e Default branch | ||